[Event "Seefeld op 19th"]
[Site "Seefeld"]
[Date "2008.09.09"]
[Round "5"]
[White "Senn, Othmar"]
[Black "Egger, Herbert"]
[Result "0-1"]
[WhiteElo "1454"]
[BlackElo "1835"]
[PlyCount "80"]
[EventDate "2008.09.05"]
[EventType "swiss"]
[EventRounds "9"]
[EventCountry "AUT"]
[SourceTitle "EXT 2010"]
[Source "ChessBase"]
[SourceDate "2010.11.25"]
[SourceVersion "1"]
[SourceVersionDate "2010.11.25"]
[SourceQuality "1"]

1. d4 d5 2. c4 c6 3. Nc3 Nf6 4. Nf3 Bg4 5. c5 Nbd7 6. h3 Bxf3 7. gxf3 e5 8. e3 exd4 9. exd4 Be7 10. Bd3 0-0 11. Qc2 g6 12. Bh6 Re8 13. 0-0-0 Nh5 14. Ne2 Bg5+ 15. Bxg5 Qxg5+ 16. Kb1 Qh4 17. Rh2 Nf4 18. Qd2 Nxd3 19. Qxd3 b6 20. cxb6 Nxb6 21. Rg2 Nc4 22. f4 Rab8 23. b3 a5 24. Kc2 Na3+ 25. Kd2 Qe7 26. Ke1 Qb4+ 27. Kf1 Re4 28. f3 Re7 29. f5 Rbe8 30. Qd2 Qb5 31. Qd3 Qb7 32. Kf2 Qc8 33. Nf4 Re3 34. Qd2 Qxf5 35. Rg4 R3e7 36. Qxa5 Nb5 37. a4 Nc7 38. Qc3 h5 39. Rh4 Qg5 40. Ng2 Re2+ 0-1

[Event "Seefeld op 18th"]
[Site "Seefeld"]
[Date "2007.09.07"]
[Round "7"]
[White "Scheidt, Eugen"]
[Black "Senn, Othmar"]
[Result "1-0"]
[WhiteElo "1981"]
[BlackElo "1419"]
[PlyCount "99"]
[EventDate "2007.09.01"]
[EventType "swiss"]
[EventRounds "9"]
[EventCountry "AUT"]
[SourceTitle "EXT 2009"]
[Source "ChessBase"]
[SourceDate "2008.11.26"]
[SourceVersion "1"]
[SourceVersionDate "2008.11.26"]
[SourceQuality "1"]

1. e4 d5 2. exd5 Nf6 3. d4 Nxd5 4. Nf3 e6 5. c4 Nf6 6. Nc3 Nbd7 7. Bf4 Nh5 8. Bg5 Be7 9. Bxe7 Qxe7 10. Nb5 Qd8 11. Ne5 Nhf6 12. Be2 a6 13. Nc3 0-0 14. Bf3 Nxe5 15. dxe5 Qxd1+ 16. Rxd1 Nd7 17. Bxb7 Bxb7 18. Rxd7 Bxg2 19. Rg1 Bf3 20. Rg3 Bh5 21. Rgd3 Bg6 22. Rd2 Rac8 23. Re7 Rfe8 24. Red7 Kf8 25. Na4 Be4 26. R7d4 Bc6 27. Nc5 a5 28. b3 Ra8 29. a3 g6 30. Ke2 Reb8 31. Kd1 Kg7 32. Kc2 h5 33. h4 Kh6 34. f4 Kg7 35. Kc3 Re8 36. Rb2 Red8 37. Rxd8 Rxd8 38. Rd2 Ra8 39. Kb2 Kf8 40. b4 axb4 41. axb4 Ra7 42. Rd3 Ra8 43. b5 Be8 44. Rb3 Ke7 45. Na6 Rd8 46. Nxc7 Rd4 47. Nxe8 Kxe8 48. b6 Rd8 49. c5 Rb8 50. c6 1-0